000
00274nam a2200085Ia 4500
245
0
_a
Evolution vs. creationism : an introduction
100
_a
Scott, Eugenie Carol, , 1945- Berkeley, [c.2009] 2nd ed
_9
79432
942
_c
BK
008
210817s9999 xx 000 0 und d
999
_c
276970
_d
276967